[Event "Asian Junior-ch 2017-Open"]
[Site "Shiraz"]
[Date "2017.05.04"]
[Round "3.4"]
[White "Gholami, Aryan"]
[Black "Tahmasebi, Hamid"]
[Result "1-0"]
[WhiteElo "2423"]
[BlackElo "2215"]
[Annotator "TA"]
[PlyCount "81"]
[EventDate "2017.??.??"]
[EventType "swiss"]
[EventCountry "IRI"]
[SourceTitle "playchess.com"]
[Source "ChessBase"]
[SourceQuality "1"]

{[%evp 11,81,37,38,20,33,6,17,0,34,45,37,41,39,35,32,25,74,87,71,93,151,89,88,87,72,62,84,72,74,47,131,75,116,126,122,131,105,44,49,55,62,64,51,61,116,116,119,109,119,128,152,134,181,184,333,320,367,312,356,346,502,497,692,658,878,846,1294,931,1389,1391,1414,1413]} 1. c4 Nf6 2. Nc3 d5 3. cxd5 Nxd5 4. g3 g6 5. Bg2 Nb6 6. Nf3 Bg7 7. d3 {A16: English Opening: 1...Nf6 with ...d5} Nc6 (7... c6 8. O-O O-O 9. Qc2 Na6 10. b3 Re8 11. Bb2 e5 12. a3 Qe7 13. Rac1 h6 14. b4 Nc7 15. Rb1 Bf5 16. Ne4 Rad8 {0-1 (66) Alekseev,E (2700)-Nepomniachtchi,I (2695) Havana 2010}) 8. h4 h6 9. Bd2 {The position is equal.} Bf5 $146 ({Predecessor:} 9... e5 10. Ne4 Qe7 11. Qc1 f5 12. Nc5 Nd7 13. Nb3 a5 14. Be3 a4 {1-0 (41) Miezis,N (2496)-Olafsson,F (2392) Reykjavik 2015}) 10. Qc1 Qd7 11. Rb1 a5 12. O-O g5 13. Nb5 f6 14. Qc5 (14. hxg5 hxg5 15. Rd1 Kf7 $17) 14... e5 15. Be3 Ra6 (15... Be6 $142) 16. Rbd1 (16. Rbc1 $142) 16... Bf8 $16 {[#]} 17. Qc1 $1 {Strongly threatening d4.} Nd5 18. Bc5 Ncb4 {White must now prevent ...Rc6.} 19. Bxf8 Rxf8 20. Nc3 {aiming for Nxd5.} (20. e4 {seems wilder.} Qxb5 21. exf5 Nxa2 22. Qb1 Nab4 23. Rfe1) 20... Be6 (20... Bh3 $1 $14) 21. a3 ({Resist} 21. hxg5 $6 hxg5 22. a3 Nxc3 23. bxc3 (23. Qxc3 Nd5 24. Qc5 b6 $11) 23... Nc6 $16) ({White should try} 21. d4) 21... Nxc3 22. bxc3 ({Much less strong is} 22. Qxc3 Nd5 23. Qc2 Rc6 $14) 22... Nd5 23. e4 Nb6 24. Rfe1 (24. d4 $16) 24... Bb3 25. Rd2 a4 26. Bf1 {[%cal Bg2f1,Bf1e2,Be2d3][%mdl 32]} g4 27. Nh2 $1 {[%cal Bf3h2,Bh2f1,Bf1d2,Bd2e4][%mdl 32]} Nc8 (27... h5 $14) 28. d4 $36 {[%mdl 2048] Black is under strong pressure.} Rd6 29. d5 h5 30. c4 {[#] Hoping for c5.} c5 31. Be2 Nb6 32. Nf1 f5 (32... Kd8 {was worth a try.} 33. Rb2 Qh7) 33. exf5 $18 Qxf5 34. Bd3 Qf6 35. Rde2 Kd8 (35... Nd7 {might work better.} 36. Nd2 Ra6) 36. Nd2 {White is clearly winning.} Rd7 37. Ne4 Qe7 38. Ng5 Nxd5 39. cxd5 Bxd5 40. Rxe5 Qf6 41. Qxc5 {Precision: White = 86%, Black = 35%.} 1-0

[Event "Asian Junior-ch 2017-Open"]
[Site "Shiraz"]
[Date "2017.05.04"]
[Round "3.5"]
[White "Moradi, Amirmasoud"]
[Black "Harsha Bharathakoti"]
[Result "0-1"]
[WhiteElo "2218"]
[BlackElo "2413"]
[Annotator "TA"]
[PlyCount "115"]
[EventDate "2017.??.??"]
[EventType "swiss"]
[EventCountry "IRI"]
[SourceTitle "playchess.com"]
[Source "ChessBase"]
[SourceQuality "1"]

{[%evp 17,115,25,29,36,54,50,45,73,58,0,0,14,51,18,21,25,26,-8,-5,-18,-26,-20,-14,-99,0,-194,-198,-208,-195,-212,-54,-111,-102,-136,-140,-164,-124,-166,-173,-181,-158,-270,-253,-240,-102,-80,0,-144,-112,-118,-38,-38,-27,-45,-51,-40,-40,-149,-26,-42,-43,-116,0,0,0,-125,0,-91,-91,-85,-85,-86,-85,-85,-85,-86,-86,-86,-86,-86,-86,-214,-70,-69,-71,-91,-97,-169,-159,-172,-166,-250,-244,-353,-326,-1353,-1310,-29974,-29975,-29980]} 1. e4 c5 2. Nf3 e6 3. d4 cxd4 4. Nxd4 Nc6 5. Nc3 Qc7 6. Be3 a6 7. a3 Nf6 8. f4 d6 9. Qf3 Be7 10. Bd3 {B82: Sicilian Scheveningen: 6 f4} (10. O-O-O O-O 11. g4 Nd7 12. g5 b5 13. h4 Rb8 14. f5 b4 15. axb4 Rxb4 16. f6 Bd8 17. fxg7 Kxg7 {1-0 (44) Weichhold,P (2390)-Tarlev,K (2596) Germany 2016}) 10... Nxd4 11. Bxd4 O-O $146 ({Predecessor:} 11... e5 12. fxe5 dxe5 13. Qg3 Ng4 14. Nd5 Qd8 15. Nxe7 Qxe7 16. Bc3 f6 17. h3 Nh6 18. Bc4 b5 19. Bb3 Bb7 20. Bb4 Qc7 21. O-O-O Bxe4 22. Rhe1 Bg6 23. Bd6 {1-0 (23) Mitkov,N (2470)-Zygouris,H (2245) Cappelle-la-Grande 1994}) 12. e5 {White is slightly better.} Nd7 {[%cal Rd6e5]} 13. O-O-O dxe5 14. fxe5 Bc5 15. Qe4 {[%csl Gd3][%cal Re4h7]} g6 16. Rhe1 b5 17. Bxc5 ({Of course not} 17. Qxa8 Bxd4 18. Qf3 Bxe5 $11) 17... Nxc5 18. Qh4 Bb7 19. Re3 Rfd8 20. Rde1 (20. Rh3 $11 Nxd3+ 21. cxd3) 20... Bxg2 (20... Nxd3+ $17 21. cxd3 Rd7) 21. Rg1 $2 (21. Bf1 $1 $11 {and White has nothing to worry.} Qb7 22. Qh6) 21... Nxd3+ $19 22. cxd3 Qc5 23. Kd2 Bc6 $2 ({Black should try} 23... Rd4 $1 $19 {[%cal Rd4h4]} 24. Qg3 b4) 24. Rg4 (24. Rc1 $1 $15 Qb6 25. Ne2) 24... Rd7 25. Rh3 Qxe5 26. Qxh7+ Kf8 27. Qh6+ Ke7 $1 28. Qh4+ Qf6 $1 29. Qe1 (29. Qh6 $17 {was called for.}) 29... Rad8 {aiming for ...Bf3.} 30. Re3 {[#]} Qf5 (30... Rxd3+ $1 $19 {[%mdl 512]} 31. Rxd3 Rxd3+ 32. Kxd3 Qf3+ 33. Qe3 Qxg4 34. Qc5+ Kd7 35. Qa7+ Ke8 36. Qb8+ Ke7 37. Qc7+ Bd7 38. Qc5+ Ke8) 31. Qh4+ $17 Qf6 (31... g5 $1 $17 32. Qxg5+ Qxg5 33. Rxg5 Rh8) 32. Qg3 (32. Qe1 $1 $11) 32... Ke8 33. Rf4 Qe7 (33... Qg7 $17 34. Kc2 Bd5) 34. Qh3 $15 {Black must now prevent Qh8+.} Rd6 35. Qh8+ Kd7 36. Qg7 Rf8 $36 {[%mdl 2048] Black has good play.} 37. Qe5 (37. Kc2 $15) 37... g5 (37... f6 $17 38. Qc5 Rh8) 38. Rf6 $1 $11 g4 39. Na2 (39. Kc2 $15) 39... Rd5 ({Black should play} 39... Rh8 $17 40. Rxf7 Rxh2+ 41. Qxh2 Qxf7) 40. Qf4 a5 41. Nc1 {[#]} (41. Nc3 $11 {keeps the balance.} Rh5 42. Rexe6 fxe6 43. Rxf8 Rxh2+ 44. Ke3 Qc5+ 45. d4 Rh3+ 46. Kd2 Rh2+ 47. Ke3) 41... b4 {[#]} (41... Ke8 $1 $17 {Strongly threatening ...Rh8.} 42. Ne2 Rh8) 42. Nb3 (42. Rexe6 $1 $11 {[%mdl 512]} fxe6 (42... Qxe6 43. Rxe6) 43. Rxf8) 42... bxa3 $17 43. bxa3 Qxa3 44. Rxf7+ Rxf7 45. Qxf7+ Qe7 46. Qxe7+ Kxe7 {[%mdl 4096] Endgame KRB-KRN} 47. Kc3 a4 48. Nd4 Bd7 49. Re4 (49. h3 $17 {is a better defense.}) 49... Kf6 ({Better is} 49... e5 $19 {Threatens to win with ...Kf6.} 50. Ne2 Rc5+ 51. Kb4 Kd6) 50. Nc2 $1 $15 Rc5+ 51. Kb2 Rb5+ 52. Kc1 (52. Ka2 $17 {was worth a try.}) 52... Rb3 $19 53. Rxg4 Rxd3 54. Kb2 (54. Rg8 $142) 54... e5 55. Rg2 (55. Rg3 $142 Rd2 56. Kc3 Rxh2 57. Na3) 55... Rb3+ 56. Kc1 $2 (56. Ka2) 56... Bf5 57. Rf2 Rc3 58. Kb2 {Precision: White = 39%, Black = 52%.} 0-1

[Event "Asian Junior-ch 2017-Open"]
[Site "Shiraz"]
[Date "2017.05.04"]
[Round "3.6"]
[White "Tran, Tuan Minh"]
[Black "Koniahli, Malek"]
[Result "1-0"]
[WhiteElo "2537"]
[BlackElo "1995"]
[Annotator "TA"]
[PlyCount "77"]
[EventDate "2017.??.??"]
[EventType "swiss"]
[EventCountry "IRI"]
[SourceTitle "playchess.com"]
[Source "ChessBase"]
[SourceQuality "1"]

{[%evp 22,77,60,43,97,73,81,50,85,77,88,85,123,110,172,172,174,171,179,179,161,154,113,114,118,135,388,394,419,422,375,384,644,646,612,620,600,547,528,453,647,594,2732,2471,6195,5510,1703,1070,796,959,767,696,800,603,866,855,654,607]} 1. d4 Nf6 2. c4 c5 3. d5 b5 4. cxb5 a6 5. bxa6 g6 6. Nc3 Bxa6 7. e4 Bxf1 8. Kxf1 d6 9. g3 Bg7 10. Kg2 O-O 11. Nf3 Nbd7 12. Qe2 {LiveBook: 87 Games} Qb8 {A59: Benko/Volga Gambit: White castles by hand} ({Better is} 12... Qa5 $14) (12... Qa5 13. Bd2 Rfb8 14. Rab1 Ng4 15. Ng5 Ngf6 16. f4 Ne8 17. h4 Qa6 18. Qf3 h6 19. Nh3 Nef6 20. Rhe1 {1-0 (51) Eljanov,P (2723)-Iturrizaga Bonelli,E (2653) Dubai 2014}) 13. Rb1 Rc8 $146 ({Predecessor:} 13... Ng4 14. Nd2 Nh6 15. Nc4 Nb6 16. b4 Nxc4 17. bxc5 Qa7 18. Qxc4 Ng4 19. Bb2 Rfc8 20. Qe2 Rxc5 {1-0 (34) Yarmonov,I (2309)-Bernardi,R (2079) Velke Losiny 2013}) 14. Bf4 Ng4 {White is slightly better.} 15. Nd2 Nge5 16. b3 {[%cal Bb2b3,Bb3c4][%mdl 32]} Nb6 17. a4 Nec4 (17... Nc6 $16 {was necessary.}) 18. Nxc4 $18 Bxc3 19. h4 Nxc4 20. bxc4 ({But not} 20. Qxc4 $6 Qb4 $16) 20... Qa7 21. e5 dxe5 22. Bxe5 Bxe5 23. Qxe5 Qxa4 $2 {[%mdl 8192] [#]} (23... Qc7 $16 24. Qg5 e6) 24. h5 $1 {[%cal Rh5g6] White threatens hxg6 and mate.} Qa6 25. hxg6 Qxg6 26. Rb7 Ra4 $2 (26... e6 27. d6 Qf5 28. Qxf5 exf5) 27. Rh4 {White is clearly winning.} Ra6 28. Rxe7 Rca8 29. Rf4 Rf8 30. Qe2 h5 (30... f5 $142 31. Qe3 Rc8) 31. Re5 Kg7 32. Rxh5 f5 33. Qe5+ Qf6 34. Rg5+ Kh6 35. Rfxf5 {[#] Rh5+ would kill now.} Qxe5 36. Rxe5 Rfa8 37. Rg4 Ra2 38. Re6+ Kh7 39. Rf4 {Precision: White = 88%, Black = 30%.} 1-0

[Event "Asian Junior-ch 2017-Open"]
[Site "Shiraz"]
[Date "2017.05.04"]
[Round "3.7"]
[White "Khodashenas, Mersad"]
[Black "Tran, Minh Thang"]
[Result "1/2-1/2"]
[WhiteElo "2410"]
[BlackElo "2409"]
[Annotator "TA"]
[PlyCount "88"]
[EventDate "2017.??.??"]
[EventType "swiss"]
[EventCountry "IRI"]
[SourceTitle "playchess.com"]
[Source "ChessBase"]
[SourceQuality "1"]

{[%evp 24,88,19,43,33,25,40,32,45,43,104,95,106,89,87,0,0,0,0,0,0,-49,-34,-120,-14,-33,-25,-37,-30,-46,-64,-83,-73,-122,-127,-227,-278,-344,-352,-340,-332,-344,-353,-488,-493,-489,-493,-482,-468,-487,-462,-840,-825,-842,-816,-752,-284,-288,-277,-277,-277,-277,-268,-245,0,0,0]} 1. d4 Nf6 2. c4 g6 3. f3 d5 4. cxd5 Nxd5 5. e4 Nb6 6. Nc3 Bg7 7. Be3 O-O 8. Qd2 Nc6 9. O-O-O e5 10. d5 Nd4 11. f4 c5 12. fxe5 Bg4 {D70: Grünfeld: Unusual White 3rd moves (met by ...d5)} 13. Re1 $1 {LiveBook: 63 Games} (13. Be2 Bxe2 14. Ngxe2 Nc4 $17) 13... Bxe5 14. h3 Bd7 {White has an edge.} (14... Qh4 15. Bd3 Bg3 16. Rf1 f5 17. hxg4 Qxh1 18. Nh3 Qxf1+ 19. Bxf1 fxg4 20. Nf2 Bxf2 21. Bxf2 {0-1 (38) Sandipan,C (2637)-Laylo,D (2522) Manila 2010}) 15. Nf3 Nxf3 16. gxf3 {[%cal Bg2f3,Bf3f4][%mdl 32]} Qh4 ({Better is} 16... f5 $14) 17. Bg5 (17. Bxc5 Rfc8 18. Bxb6 axb6 $15) 17... Qg3 18. f4 $146 ({Predecessor (3):} 18. Be2 Bd4 19. Bf4 Qh4 20. Be3 Bxe3 21. Qxe3 {0-1 (54) Bukavshin,I (2487)-Smetanov,N (2095) Samara 2012}) 18... Bd4 19. Ne2 {[#]} (19. f5 $16) 19... Bxb2+ $1 $11 {[%mdl 512]} 20. Kxb2 Nc4+ 21. Ka1 Qxg5 $1 (21... Nxd2 $2 {too greedy.} 22. Nxg3 Nxf1 23. Nxf1 $18) 22. Qc3 (22. Qc1 $5 {[%cal Rf4g5]} Qh4 23. Nc3 $15) 22... Qh4 23. Rc1 (23. Qg3 $15 Qxg3 24. Nxg3) 23... Nb6 ({Black should play} 23... b5 $17 24. Rg1 Qf2) 24. Bg2 ({Much worse is} 24. Qxc5 Rac8 25. Qd4 Rxc1+ 26. Nxc1 Qxf4 $19) 24... Na4 $36 {[%mdl 2048] Black has some pressure.} 25. Qe3 b5 {[%cal Bb7b5,Bb5b4][%mdl 32]} 26. e5 b4 27. Ng3 Nc3 28. Rhf1 Rab8 $1 29. e6 (29. Qf2 $17) 29... Bb5 30. e7 Rfe8 31. d6 Bxf1 32. Rxf1 {[#] aiming for Bc6.} Nb5 $1 {[%cal Rb5d6]} 33. Ne4 {[#]} Nxd6 $1 34. Nxd6 {Strongly threatening Re1.} Rxe7 35. Ne4 f5 36. Qb3+ {[#]} Kg7 $1 ({Weaker is} 36... Kf8 37. Qb2 fxe4 38. Qh8+ Kf7 39. Qxb8 $15) 37. Nxc5 (37. Qb2+ $142 Kh6 38. Qf6 Qxf6+ 39. Nxf6) 37... Re1+ $19 38. Rxe1 Qxe1+ 39. Qb1 Qe3 $2 (39... Re8 {( -> ...Qc3+)} 40. Na4 Qxb1+ 41. Kxb1 Re1+ 42. Kc2 Re2+ 43. Kb3 Rxg2 44. Kxb4 Rxa2) 40. Nd3 Rd8 41. Bf1 Kh6 42. Qc2 Qg1 43. Qe2 Re8 $2 (43... Rd4 $19 {Hoping for ...Re4.} 44. Qd1 Re4) 44. Qxe8 $11 Qxf1+ {Precision: White = 42%, Black = 66%.} 1/2-1/2

[Event "Asian Junior-ch 2017-Open"]
[Site "Shiraz"]
[Date "2017.05.04"]
[Round "3.8"]
[White "Poormosavi, Seyed Kian"]
[Black "Daneshvar, Bardiya"]
[Result "1/2-1/2"]
[WhiteElo "2114"]
[BlackElo "2105"]
[Annotator "TA"]
[PlyCount "79"]
[EventDate "2017.??.??"]
[EventType "swiss"]
[EventCountry "IRI"]
[SourceTitle "playchess.com"]
[Source "ChessBase"]
[SourceQuality "1"]

{[%evp 24,79,-25,-32,-23,-49,0,0,0,-72,-68,-77,-69,-150,-121,-128,-105,-100,-96,-150,-100,-106,-117,-131,-141,-157,-110,-129,-35,-35,-35,-42,-42,-62,-62,-70,0,0,0,0,0,0,0,0,0,0,0,0,0,0,0,0,0,0,0,0,0,0]} 1. e4 c6 2. Nc3 d5 3. Nf3 Bg4 {[%cal Bc8g4,Bg4h5,Bh5g6][%mdl 32]} 4. h3 Bh5 5. exd5 cxd5 6. Bb5+ Nc6 7. g4 Bg6 8. Ne5 Rc8 9. d4 e6 10. h4 f6 11. Nxg6 hxg6 12. Be3 Bb4 {B11: Caro-Kann: Two Knights Variation} 13. Kf1 {LiveBook: 3 Games} Bxc3 14. bxc3 Nge7 {Black is slightly better.} 15. Qe2 Kf7 16. f4 $146 (16. Bd3 $11) ({Predecessor:} 16. Re1 Na5 17. Bf4 Qb6 18. Bd7 Rc6 19. Kg2 Qa6 20. Bxc6 Qxe2 21. Rxe2 Nexc6 {½-½ (31) Balashov,Y (2480)-Miliutin,O Krasnodar 1996}) 16... Na5 $17 17. Re1 Nc4 18. Bxc4 (18. Bf2 $15) 18... Rxc4 ({Don't do} 18... dxc4 19. a4 $15) 19. Bd2 Qd6 20. Kg2 Ra4 21. Ra1 (21. h5 $142 gxh5 22. f5) 21... Qa6 22. Qxa6 Rxa6 23. Rhb1 b6 ({Reject} 23... Rxh4 $6 24. Kg3 Rh8 25. Rxb7 $11) 24. Be1 Ra4 25. Rb4 Rxb4 (25... Ra3 $17 26. Rb3 Ra6) 26. cxb4 {[%mdl 4096] Endgame KRB-KRN} Nc8 27. a4 Nd6 28. a5 Rc8 29. c3 Nb5 (29... b5 $1 $15) 30. axb6 $11 {The position is equal.} axb6 31. Ra6 Rc6 32. g5 Ke7 33. Ra8 Nxc3 34. Ra7+ Kf8 35. Ra8+ Kf7 36. Ra7+ Kg8 37. Ra8+ Kh7 38. Bxc3 Rxc3 39. Rb8 Rc2+ 40. Kg3 {Precision: White = 73%, Black = 58%.} 1/2-1/2

[Event "Asian Junior-ch 2017-Open"]
[Site "Shiraz"]
[Date "2017.05.05"]
[Round "4"]
[White "Firouzja, Alireza"]
[Black "Gholami, Aryan"]
[Result "1-0"]
[WhiteElo "2487"]
[BlackElo "2423"]
[Annotator "TA"]
[PlyCount "71"]
[EventDate "2017.??.??"]
[EventType "swiss"]
[EventCountry "IRI"]
[SourceTitle "playchess.com"]
[Source "ChessBase"]
[SourceQuality "1"]

{[%evp 23,71,4,12,-14,-4,-16,0,-36,-52,-48,0,0,0,-3,5,-1,100,102,102,99,97,90,133,109,141,122,261,256,235,213,205,204,204,209,268,255,342,333,319,331,939,919,29984,651,531,479,29993,29994,29998,29999]} 1. e4 c5 2. Nf3 Nc6 3. Bb5 e6 4. O-O Nge7 5. c3 a6 6. Ba4 {[%cal Bb5a4,Ba4c2,Bc2e4][%mdl 32]} b5 7. Bc2 Bb7 8. Qe2 d5 9. e5 {B30: Sicilian: 2...Nc6 3 Bb5, lines without ...g6} Qb6 10. Rd1 d4 11. Be4 Ng6 12. d3 Be7 {LiveBook: 4 Games} 13. a4 $146 ({Predecessor:} 13. cxd4 cxd4 14. Nbd2 O-O 15. Nb3 Rfd8 16. h4 a5 {½-½ (40) Gorokhovsky,B (2529)-Morgado,J (2612) ICCF email 2013}) 13... O-O 14. h4 Qc7 15. g3 dxc3 ({Don't capture} 15... Ngxe5 $2 16. Nxe5 Nxe5 17. Bxb7 $18) 16. bxc3 Rfd8 ({Don't take} 16... Ngxe5 $2 17. Nxe5 Nxe5 18. Bxb7 $18) 17. Na3 {[%cal Bb1a3,Ba3c4,Bc4d6][%mdl 32]} b4 18. cxb4 cxb4 19. Nc4 Na5 (19... Bc5 $1 $11) 20. Bxb7 $16 Nxb7 21. h5 {[%cal Bh4h5,Bh5h6][%mdl 32]} Nf8 22. h6 g6 23. Be3 Nc5 24. Nd6 $1 Nb7 (24... Bxd6 $16 25. exd6 Qxd6) 25. Rac1 $18 Qd7 26. Bb6 {Black must now prevent Rc7.} Nxd6 27. Bxd8 (27. exd6 $6 Qxd6 28. Bxd8 Rxd8) 27... Rxd8 28. exd6 Bf6 29. Nd2 {[%cal Bf3d2,Bd2e4,Be4c5][%mdl 32]} Bd4 30. Ne4 f5 31. Rc7 ({But not} 31. Rc4 Qa7 $18) 31... Qxa4 $2 (31... Qe8 32. Rc4 Bh8) 32. Nc5 Bxc5 33. Rxc5 (33. Rg7+ $142 Kh8 {[#]} 34. Qb2 $3 {[%mdl 512]} e5 35. Qxe5 $1 {[%mdl 512]} Bxf2+ 36. Kxf2 Qc2+ 37. Ke3 Qc3 38. Qe7) 33... Rxd6 34. Rc8 {Threatening mate with Qe5!} Qb3 {[#]} (34... b3 $18 35. Qb2 Qd4 36. Qxb3 Kf7 37. Qb7+ Rd7) 35. Qe5 $1 {[%csl Gh6][%cal Re5g7][%mdl 512]} Rd7 {[#]} 36. Qh8+ $1 {[%mdl 512] Precision: White = 93%, Black = 38%.} 1-0

[Event "Asian Junior-ch 2017-Open"]
[Site "Shiraz"]
[Date "2017.05.05"]
[Round "4"]
[White "Mousavi, Seyed Khalil"]
[Black "Tran, Tuan Minh"]
[Result "0-1"]
[WhiteElo "2435"]
[BlackElo "2537"]
[Annotator "TA"]
[PlyCount "98"]
[EventDate "2017.??.??"]
[EventType "swiss"]
[EventCountry "IRI"]
[SourceTitle "playchess.com"]
[Source "ChessBase"]
[SourceQuality "1"]

{[%evp 25,98,0,0,0,0,0,16,4,5,-27,0,0,0,-6,-6,-25,0,0,0,-27,0,-19,-22,-33,-33,-41,-26,-27,-21,-32,0,0,0,0,-2,-11,0,-17,-15,-16,0,0,0,-20,-16,-20,-18,-103,-95,-90,-99,-98,-58,-145,-145,-147,-145,-175,-188,-246,-253,-258,-238,-280,-238,-291,-316,-531,-519,-458,-481,-29964,-545,-3501,-493]} 1. Nf3 Nf6 2. c4 b6 3. g3 Bb7 4. Bg2 e6 5. O-O Be7 6. d4 O-O 7. d5 exd5 8. Nh4 c6 9. cxd5 Nxd5 10. Nf5 Nc7 11. Nc3 d5 12. e4 Bf6 13. exd5 cxd5 14. Bf4 {Black must now prevent Bxc7. E17: Queen's Indian: 4 g3 Bb7 5 Bg2 Be7} Nba6 15. Re1 Qd7 (15... Bc8 $5 {[%cal Rc8f5]} 16. Nd6 Be6 $11) (15... Bc8 16. Nd6 Bxc3 17. bxc3 Be6 18. a4 Nc5 19. h4 Qd7 20. a5 Bg4 21. f3 Be6 {0-1 (36) Buhmann,R (2653)-Ponomariov,R (2706) Dortmund 2016}) 16. Qg4 {The position is equal.} (16. Bh3 $5 {[%cal Rf5h6]} Ne6 17. Ne4 Bxb2 18. Rb1 $14) 16... Bc8 17. Nh6+ (17. Re5 {feels hotter.} Kh8 18. Nxd5 Bxe5 19. Bxe5 f6 20. Bxc7 Qxf5 21. Qxf5 Bxf5 22. Ne3) 17... Kh8 18. Qf3 Bb7 19. Ng4 Bxc3 20. bxc3 f6 21. Ne3 $1 Nc5 $146 ({Predecessor:} 21... Rad8) 22. Rad1 Rae8 (22... d4 $5 {[%cal Rb7f3]} 23. Qg4 f5 $11) 23. Qh5 N7e6 24. Bxd5 Nxf4 25. gxf4 g6 (25... f5 {creates tension.} 26. Bg2 Qc8 27. Bxb7 Qxb7 28. Nc4 g6) 26. Qf3 Bxd5 27. Nxd5 Rxe1+ 28. Rxe1 Rf7 29. c4 Kg7 30. Re3 Nb7 31. Rd3 Qf5 32. Qe2 Nd6 33. Rd4 Qc8 34. Ne3 Nf5 35. Nxf5+ Qxf5 $11 {[%mdl 4096] Endgame KQR-KQR} 36. Qe8 (36. Kg2 $11) 36... Qb1+ $17 37. Kg2 {Rd8 is the strong threat.} Qxa2 38. f5 {Hoping for fxg6.} ({But not} 38. Rd8 $2 Qxc4 39. Kg3 Kh6 $19) 38... Qc2 ({Much worse is} 38... gxf5 $6 39. Rh4 $11) 39. Rf4 ({Don't go for} 39. Rd8 $2 Qxc4 40. fxg6 Qg4+ 41. Kf1 Rc7 $19) ({White should try} 39. fxg6 $15 Qxg6+ 40. Kf1) 39... g5 $1 $36 {[%cal Rg5f4][%mdl 2048] Black has strong initiative.} 40. Re4 Qd3 41. Qa8 {[#]} Qd7 $1 42. Re8 (42. Re6 $142) 42... Qxf5 $19 43. h3 Qd7 44. Rb8 Qc7 45. h4 Qxc4 46. hxg5 $2 (46. Rg8+ Kh6 47. Qf3 Qxh4 48. Qf5) 46... fxg5 47. Rg8+ Kh6 48. Kg1 (48. Rf8 $19 Qg4+ 49. Kf1 Qh3+ 50. Kg1) 48... Qg4+ (48... Qc1+ $142 49. Kg2 Qc2 50. Kh2 Rxf2+ 51. Kg1 Rf4 52. Qh1+ Rh4 53. Qxh4+ gxh4 54. Rf8 Qc5+ 55. Rf2 {[#]} Qxf2+ $1 {[%mdl 512]} 56. Kxf2 a5 57. Ke1 h3 58. Kf1 a4 59. Kg1 Kg5 60. Kh2 a3 61. Kxh3 a2 62. Kg2 Kf4 63. Kf1 a1=Q+ 64. Ke2 Qc3 65. Kd1 Qb2 66. Ke1 Ke3 67. Kf1 Qf2#) 49. Kf1 Qf3 {Precision: White = 55%, Black = 64%.} (49... Qd1+ $142 50. Kg2 Qc2) 0-1

[Event "Asian Junior-ch 2017-Open"]
[Site "Shiraz"]
[Date "2017.05.05"]
[Round "4"]
[White "Harsha Bharathakoti"]
[Black "Mosadeghpour, Masoud"]
[Result "0-1"]
[WhiteElo "2413"]
[BlackElo "2444"]
[Annotator "TA"]
[PlyCount "124"]
[EventDate "2017.??.??"]
[EventType "swiss"]
[EventCountry "IRI"]
[SourceTitle "playchess.com"]
[Source "ChessBase"]
[SourceQuality "1"]

{[%evp 12,124,24,24,42,37,36,42,67,58,64,61,62,58,68,42,35,8,27,35,64,61,93,33,48,56,64,50,78,19,32,23,27,27,66,0,0,9,0,0,0,0,0,0,0,0,0,0,0,0,0,0,0,0,8,0,0,0,6,0,0,0,0,4,12,-42,-39,-69,-36,-94,-28,-28,-28,-22,-22,-32,-21,-50,-21,-51,-34,-179,-200,-301,-299,-320,-39,-264,-231,-240,-230,-220,-235,-300,-266,-319,-299,-282,-271,-540,-540,-520,-447,-540,-534,-2024,-1898,-4686,-12834,-5636,-1225,-29980,-29980,-29980,-29980]} 1. Nf3 Nf6 2. c4 g6 3. Nc3 d5 4. Qa4+ Bd7 5. Qb3 dxc4 6. Qxc4 Bg7 7. e4 Bc6 {A16: English Opening: 1...Nf6 with ...d5} (7... a6 8. e5 Be6 9. exf6 Bxc4 10. fxg7 Rg8 11. Bxc4 Nc6 12. O-O g5 13. Bd5 g4 14. Bxc6+ bxc6 15. Ne5 Rxg7 {½-½ (22) Bruzon Batista,L (2682)-So,W (2731) Havana 2014}) 8. Be2 O-O 9. d3 Nbd7 {White is slightly better.} 10. O-O e5 11. b4 Nb6 12. Qb3 $1 Nh5 {[%cal Bf6h5,Bh5f4,Bf4e2][%mdl 32]} 13. Rd1 $146 ({Predecessor:} 13. Bg5 Bf6 14. Bh6 Re8 15. a4 {1-0 (41) Arun Prasad,S (2465)-Maruejols,C (2043) Metz 2008}) 13... Nf4 14. a4 {[%cal Ba2a4,Ba4a5][%mdl 32]} Nxe2+ 15. Nxe2 Bd7 16. a5 {And now Bg5 would win.} Nc8 {[%cal Bb6c8,Bc8d6,Bd6c4,Bc4a3][%mdl 32]} 17. Bb2 (17. d4 $16) 17... Qe7 18. d4 exd4 19. Bxd4 Bxd4 20. Rxd4 (20. Nfxd4 $16 Nd6 21. f3) 20... Nd6 21. Nc3 {Strongly threatening Nd5.} Be6 22. Qc2 Rad8 23. Rad1 (23. a6 $14) 23... Nc4 $11 24. Nd5 Bxd5 $1 25. Rxd5 Rxd5 26. Rxd5 c6 ({Reject} 26... Qxb4 $6 27. Rd4 $16) 27. Rd4 Na3 $1 {[%cal Ra3c2]} 28. Qc5 Re8 29. Qxe7 Rxe7 {[%mdl 4096] Endgame KRN-KRN} 30. Kf1 Nb5 31. Rd8+ Kg7 32. Nd2 Nc7 33. f3 Na6 34. Rd4 Kf6 35. Ke2 Re5 36. Nc4 Rh5 37. Nd6 Rxh2 38. Nxb7 ({White should play} 38. Kf2 $11) 38... Rxg2+ $15 39. Kf1 Rb2 40. Rd6+ (40. Nd8 $1 $15) 40... Ke7 (40... Ke5 $17 41. b5 Nb4) 41. Rxc6 $11 Rxb4 42. Rxa6 Rxb7 {KR-KR} 43. Kg2 Kf8 44. Kg3 Kg7 45. Rc6 h5 46. Kf4 (46. Ra6 $15) 46... Rb5 $19 47. Ra6 (47. a6 $142) 47... g5+ 48. Kg3 Rb7 $2 (48... h4+ $1 $19 49. Kh2 (49. Kg4 $2 Rb1 50. Rxa7 Rg1+ 51. Kh3 Rg3+ 52. Kh2 Rxf3 $19) 49... Rb2+ 50. Kg1 Rb7) 49. Kh3 $2 (49. e5 $15) 49... Rb3 50. Kg2 Rb2+ 51. Kg1 Rb7 52. Kf2 h4 {[%cal Bh5h4,Bh4h3][%mdl 32]} 53. Kg2 Rb2+ 54. Kg1 h3 $1 55. Rxa7 $2 (55. Rc6) 55... Rg2+ 56. Kh1 Rf2 $1 {[%cal Rf2f3]} 57. e5 {[#] Black should prevent e6.} Kg6 $1 58. Rc7 Rxf3 59. a6 g4 60. a7 Ra3 61. Kh2 Ra2+ 62. Kg3 {[#]} Kg5 $1 {Precision: White = 42%, Black = 77%.} ({Not} 62... h2 63. a8=Q Rxa8 64. Kxh2 $17) 0-1